000 00396nam a2200097Ia 4500
008 180130s9999 xx 000 0 und d
245 _cJohns, Kevin M.; Kavanagh, Michael J.
_aTalent management
260 _c2015
300 _aBook title: Human resource information systems : basics, applications, and future directions /--Acession number C17426; pages 336-367
650 _aHUMAN RESOURCE MANAGEMENT
999 _c353671
_d353671